000 00302nam a2200121Ia 4500
008 190216s9999||||xx |||||||||||||| ||und||
100 _aSundharan. K.P.M
245 0 _aMoney Banking And International Trade
260 _bSulthan Chand&Sons
_c1997
300 _a20432p
650 _aCommerce
942 _cBK
999 _c4833
_d4833